[Event "Xtracon Chess Open 2017"]
[Site "Helsingor DEN"]
[Date "2017.07.29"]
[Round "9.192"]
[White "Christensen, John Christopher Hojstrup"]
[Black "Von Knobloch, Hanno"]
[Result "1-0"]
[WhiteElo "1603"]
[BlackElo "1356"]
[WhiteFideId "1453947"]
[BlackFideId "12993247"]
[EventDate "2017.07.22"]

1. e4 e5 2. Nf3 Nc6 3. Bb5 a6 4. Ba4 Bc5 5. O-O d6 6. c3 b5 7. Bc2 Bg4 8. h3 Bh5
9. d3 Qf6 10. g4 Bg6 11. Bg5 Qe6 12. d4 exd4 13. cxd4 Nxd4 14. Nxd4 Qe5 15. Be3
Ne7 16. f4 Qf6 17. g5 1-0

[Event "Xtracon Chess Open 2017"]
[Site "Helsingor DEN"]
[Date "2017.07.29"]
[Round "9.193"]
[White "Erikstad, Anders"]
[Black "Joensen, Jon Magnus"]
[Result "0-1"]
[WhiteElo "1166"]
[BlackElo "1600"]
[WhiteFideId "1530445"]
[BlackFideId "7201915"]
[EventDate "2017.07.22"]

1. d4 d5 2. c4 e6 3. Nf3 c6 4. Nc3 Nf6 5. Bg5 Be7 6. e3 O-O 7. Bd3 h6 8. Bf4 Re8
9. O-O Bd6 10. Re1 Bxf4 11. exf4 Qc7 12. g3 b6 13. Qe2 Nbd7 14. cxd5 exd5 15.
Qxe8+ Nxe8 16. Rxe8+ Nf8 17. Rae1 Qd6 18. Ne5 Bb7 19. Rxa8 Bxa8 20. Nd1 Bb7 21.
a3 Ne6 22. b4 g6 23. Ne3 Nxd4 24. h4 Bc8 25. g4 Qf6 26. g5 hxg5 27. hxg5 Qxf4
28. Nxf7 Kxf7 29. Ng2 Qxg5 30. f4 Qg3 0-1

[Event "Xtracon Chess Open 2017"]
[Site "Helsingor DEN"]
[Date "2017.07.29"]
[Round "9.194"]
[White "Persson, Lars 1958"]
[Black "Huse, Arne Kjelsbol"]
[Result "0-1"]
[WhiteElo "1590"]
[BlackElo "1352"]
[WhiteFideId "1742469"]
[BlackFideId "1520709"]
[EventDate "2017.07.22"]

1. d4 d5 2. e3 Nf6 3. Bd3 Bg4 4. f3 Bh5 5. Ne2 e6 6. Bd2 Bd6 7. O-O O-O 8. Be1
Nc6 9. c3 Ne7 10. Bg3 Bxg3 11. Nxg3 Bg6 12. Bxg6 Nxg6 13. Nd2 Rc8 14. e4 c6 15.
e5 Nd7 16. Qe2 Re8 17. f4 c5 18. Rac1 cxd4 19. f5 Ngxe5 20. cxd4 Rxc1 21. Rxc1
Nc6 22. Qg4 Nf6 23. Qf4 Qb6 24. Nb3 e5 25. Qd2 Nxd4 26. Nxd4 exd4 27. Kf1 Ne4
28. Nxe4 dxe4 29. Qe2 g6 30. fxg6 hxg6 31. h4 Qf6+ 32. Kg1 Qxh4 33. Rc7 Re7 34.
Rc8+ Kg7 35. Qc4 e3 36. Qe2 Qe4 37. Qe1 e2 0-1

[Event "Xtracon Chess Open 2017"]
[Site "Helsingor DEN"]
[Date "2017.07.29"]
[Round "9.195"]
[White "Palozza, Flavio"]
[Black "Kvamme, Thomas Jordre"]
[Result "1-0"]
[WhiteElo "1573"]
[BlackElo "1327"]
[WhiteFideId "2815740"]
[BlackFideId "1523368"]
[EventDate "2017.07.22"]

1. e4 c5 2. Nc3 d6 3. g3 Nf6 4. Nf3 g6 5. Bg2 Bg7 6. O-O O-O 7. d4 cxd4 8. Nxd4
Nc6 9. a4 Bd7 10. Re1 Rb8 11. Nb3 a6 12. Be3 b5 13. axb5 axb5 14. Rb1 b4 15. Ne2
Qc7 16. Nf4 Rfc8 17. h4 Ne5 18. Rc1 Nc4 19. Nd3 Ng4 20. Bd4 Bh6 21. Ra1 e5 22.
Nxb4 Rxb4 23. Bc3 Rbb8 24. Qd3 Be6 25. Rad1 Qb6 26. Re2 Qa7 27. Ra1 Qc7 28. Qf3
Bg7 29. Bh3 Nf6 30. Bxe6 fxe6 31. g4 d5 32. exd5 exd5 33. g5 e4 34. Qh3 Nh5 35.
Qe6+ Qf7 36. Qxf7+ Kxf7 37. Ra7+ Ke8 38. Bxg7 Nf4 39. Re1 Nxb2 40. Bxb2 Rxc2 41.
Rxh7 Rxb3 42. Ra1 Nh3+ 43. Kh2 Rxf2+ 44. Kh1 Rf7 45. Ra8+ Kd7 46. Rxf7+ Ke6 47.
Rf6+ Ke7 48. Ba3+ Kd7 49. Ra7+ Rb7 50. Rxb7+ Kd8 51. Rf8# 1-0

[Event "Xtracon Chess Open 2017"]
[Site "Helsingor DEN"]
[Date "2017.07.29"]
[Round "9.196"]
[White "Joensen, Sigurd"]
[Black "Gelders, Hanne"]
[Result "0-1"]
[WhiteElo "1567"]
[BlackElo "1206"]
[WhiteFideId "7200935"]
[BlackFideId "249033"]
[EventDate "2017.07.22"]

1. e4 d5 2. exd5 Nf6 3. d6 cxd6 4. h3 e5 5. d3 Be6 6. Bg5 Be7 7. Nf3 Nc6 8. c3
O-O 9. Be2 Rc8 10. Nbd2 Qb6 11. b3 Rfe8 12. Rc1 h6 13. Bxf6 Bxf6 14. Ne4 Be7 15.
Qd2 d5 16. Ng3 d4 17. O-O dxc3 18. Qxc3 Nd4 19. Qb2 Nxf3+ 20. Bxf3 Rxc1 21. Qxc1
Rc8 22. Qe3 Qxe3 23. fxe3 b6 24. Rf2 f5 25. Re2 g6 26. Nf1 Bb4 27. d4 e4 28. Nh2
exf3 29. Nxf3 Bd6 30. Kf2 a5 31. g3 b5 32. Nh4 Kf7 33. Ng2 g5 34. Ne1 Kf6 35.
Nd3 h5 36. h4 gxh4 37. gxh4 a4 38. bxa4 bxa4 39. Nf4 Bxf4 40. exf4 Rc3 41. Rd2
Bd5 42. Rb2 Ra3 43. Rb6+ Ke7 44. Rh6 Rxa2+ 45. Ke3 Ra3+ 46. Kd2 Bf7 47. Rh7 Rb3
48. Kc2 Rb6 49. Rh8 a3 50. Ra8 a2 51. Ra7+ Kf8 52. Ra5 Rb1 0-1

[Event "Xtracon Chess Open 2017"]
[Site "Helsingor DEN"]
[Date "2017.07.29"]
[Round "9.197"]
[White "Hein, Jacob"]
[Black "Rygg, Andreas Gangstad"]
[Result "0-1"]
[WhiteElo "1479"]
[BlackElo "1633"]
[WhiteFideId "1402870"]
[BlackFideId "1527754"]
[EventDate "2017.07.22"]

1. d4 f5 2. Bg5 Nf6 3. Nc3 d6 4. g3 g6 5. Qd2 Bg7 6. Bh6 O-O 7. f3 e5 8. Bxg7
Kxg7 9. h4 exd4 10. Qxd4 Nc6 11. Qd2 Nh5 12. Rh3 Qe7 13. Nd5 Qf7 14. e3 Be6 15.
Bc4 Ne5 16. Qd4 c5 17. Qc3 Bxd5 18. Bxd5 Qxd5 19. b3 Kg8 20. Qd2 Nxf3+ 21. Nxf3
Qxf3 22. Qf2 Qxf2+ 23. Kxf2 Rfe8 24. Rd1 Re6 25. Rd3 Nf6 26. Rh1 Rae8 27. Kf3
Ng4 28. Re1 Ne5+ 0-1

[Event "Xtracon Chess Open 2017"]
[Site "Helsingor DEN"]
[Date "2017.07.29"]
[Round "9.198"]
[White "Hjornevik, Oyvind"]
[Black "Jacobsen, Fredrik Lytomt"]
[Result "1-0"]
[WhiteElo "1365"]
[BlackElo "1551"]
[WhiteFideId "1516159"]
[BlackFideId "1519808"]
[EventDate "2017.07.22"]

1. e4 d5 2. d4 Nc6 3. e5 f6 4. Bb5 Bd7 5. Nc3 fxe5 6. Bxc6 Bxc6 7. Qh5+ g6 8.
Qxe5 Nf6 9. Bf4 Rc8 10. Nf3 Bg7 11. Ng5 Nh5 12. Qe6 Nxf4 13. Qf7+ Kd7 14. Qxg7
Qf8 15. Qxf8 Rcxf8 16. g3 Nh5 17. f4 h6 18. Nf3 Kd6 19. Ne5 Rf6 20. O-O-O Rhf8
21. Ng4 Re6 22. Nxh6 g5 23. fxg5 Rg6 24. Ng4 Rxg5 25. Ne5 Ng7 26. Rhf1 Rxf1 27.
Rxf1 Rf5 28. Rxf5 Nxf5 29. Nxc6 Kxc6 30. Ne2 Kd6 31. c3 c5 32. Kd2 cxd4 33. Nxd4
Nh6 34. Nb5+ Kc5 35. Nxa7 e5 36. Nc8 Nf5 37. g4 Nh6 38. h3 Ng8 39. h4 d4 40. h5
e4 41. cxd4+ Kxd4 42. g5 e3+ 43. Ke2 Ke5 44. h6 Nf6 45. gxf6 Kxf6 46. Nd6 Kg6
47. Nxb7 Kxh6 48. Kxe3 Kg6 49. a4 Kf6 50. a5 Ke6 51. a6 Kd7 52. a7 1-0

[Event "Xtracon Chess Open 2017"]
[Site "Helsingor DEN"]
[Date "2017.07.29"]
[Round "9.199"]
[White "Jacobsen, Caroline Beer"]
[Black "Pouliart, Sander"]
[Result "1-0"]
[WhiteElo "1538"]
[BlackElo "1236"]
[WhiteFideId "1510649"]
[BlackFideId "251062"]
[EventDate "2017.07.22"]

1. e4 c5 2. Nc3 d6 3. f4 Nf6 4. Nf3 Bg4 5. Bb5+ Nc6 6. Bxc6+ bxc6 7. O-O e5 8.
fxe5 dxe5 9. d3 Be7 10. h3 Bxf3 11. Qxf3 O-O 12. Qg3 Qd6 13. Rf5 Nd7 14. Be3 g6
15. Raf1 Kg7 16. R5f3 Rad8 17. Qf2 Qe6 18. b3 Bd6 19. Qh4 h5 20. Na4 Be7 21. Qf2
c4 22. dxc4 a6 23. Bc1 Nf6 24. Qe3 Rd4 25. Nc3 c5 26. Qh6+ Kg8 27. Be3 Rd7 28.
Bg5 Nh7 29. Bxe7 Qxe7 30. Nd5 Ra7 31. Nxe7+ 1-0

[Event "Xtracon Chess Open 2017"]
[Site "Helsingor DEN"]
[Date "2017.07.29"]
[Round "9.200"]
[White "Thybo, Jan"]
[Black "Gade, Jens"]
[Result "0-1"]
[WhiteElo "1330"]
[BlackElo "1523"]
[WhiteFideId "1438824"]
[BlackFideId "1416111"]
[EventDate "2017.07.22"]

1. e4 c5 2. Nc3 d6 3. g3 Nf6 4. Bg2 e6 5. d3 Be7 6. Nge2 Nc6 7. a3 O-O 8. O-O
Re8 9. f3 a6 10. Kh1 Qc7 11. Ng1 b5 12. Nce2 Bb7 13. b3 Rad8 14. Bb2 d5 15. Qe1
dxe4 16. dxe4 e5 17. f4 Ng4 18. Bc1 Nd4 19. Nxd4 exd4 20. h3 Nf6 21. f5 Bd6 22.
Bf4 Nxe4 23. Bxd6 Qxd6 24. Nf3 Nxg3+ 0-1

[Event "Xtracon Chess Open 2017"]
[Site "Helsingor DEN"]
[Date "2017.07.29"]
[Round "9.201"]
[White "Gelders, Marte"]
[Black "Jensen, Jonbert M. S."]
[Result "1-0"]
[WhiteElo "1159"]
[BlackElo "1515"]
[WhiteFideId "255513"]
[BlackFideId "1435914"]
[EventDate "2017.07.22"]

1. d4 d5 2. Nf3 Nf6 3. e3 e6 4. Bd3 c5 5. b3 cxd4 6. exd4 Nc6 7. O-O Be7 8. Nbd2
Nb4 9. Bb5+ Bd7 10. Bxd7+ Qxd7 11. Ne5 Qc7 12. c4 O-O 13. a3 Nc6 14. Ndf3 Rad8
15. Re1 dxc4 16. Nxc4 Rd5 17. Ne3 Rd7 18. Bb2 Rfd8 19. Qc2 Qf4 20. Ne5 Nxd4 21.
Bxd4 Rxd4 22. Qc7 Nd7 23. N3c4 Bc5 24. Qxd8+ Nf8 25. g3 Qxf2+ 26. Kxf2 Rxd8+ 27.
Ne3 Rd2+ 28. Re2 Rd8 29. b4 Bd4 30. Rd1 Bxe3+ 31. Ke1 Rxd1+ 32. Kxd1 Bb6 33. Nc4
Bc7 34. Kd2 Nd7 35. a4 Nb6 36. Nxb6 Bxb6 37. a5 Bd8 38. Kd3 a6 39. Rc2 Be7 40.
Rc8+ Bf8 41. Kc4 g6 42. b5 Kg7 43. Rb8 Bd6 44. Rxb7 1-0

[Event "Xtracon Chess Open 2017"]
[Site "Helsingor DEN"]
[Date "2017.07.29"]
[Round "9.202"]
[White "Mansoor, Areeb"]
[Black "Joa, Sander"]
[Result "0-1"]
[WhiteElo "1059"]
[BlackElo "1480"]
[WhiteFideId "1535870"]
[BlackFideId "1523481"]
[EventDate "2017.07.22"]

1. e4 d5 2. exd5 Qxd5 3. Nc3 Qd6 4. Nf3 Nf6 5. Bc4 a6 6. Bb3 Nc6 7. d3 Bg4 8.
Be3 e6 9. Qd2 Be7 10. O-O-O b5 11. a3 Rb8 12. Na2 a5 13. c3 a4 14. Bc2 h6 15.
Bf4 e5 16. Bg3 Nh5 17. Rde1 Bxf3 18. gxf3 O-O 19. Rhg1 Bg5 20. f4 exf4 21. h4
Bf6 22. Bh2 Rfe8 23. Rxe8+ Rxe8 24. d4 Bxh4 25. f3 Qd5 26. Kb1 Qxf3 27. Bd1 Qe4+
28. Ka1 Be1 29. Qc1 Nf6 30. Bc2 Qe3 31. Qd1 Qd2 32. Qb1 Qxh2 33. Rxe1 Rxe1 34.
Qxe1 Qxc2 35. Qh1 Ne7 36. Qa8+ Kh7 37. Qh1 Qe4 38. Qxe4+ Nxe4 39. Nb4 f3 0-1

[Event "Xtracon Chess Open 2017"]
[Site "Helsingor DEN"]
[Date "2017.07.29"]
[Round "9.203"]
[White "Nielsen, Bjorn"]
[Black "Jacobsen, Jerlow Lytomt"]
[Result "0-1"]
[WhiteElo "1353"]
[BlackElo "1415"]
[WhiteFideId "1416839"]
[BlackFideId "1521390"]
[EventDate "2017.07.22"]

1. e4 e6 2. Nf3 d5 3. e5 c5 4. Bb5+ Nc6 5. O-O a6 6. Ba4 b5 7. Bb3 c4 8. d4 cxb3
9. cxb3 Nge7 10. Be3 Nf5 11. Na3 Be7 12. Nc2 O-O 13. Qd2 f6 14. Nce1 fxe5 15.
Nxe5 Nxe5 16. dxe5 Nxe3 17. Qxe3 Bg5 18. Qd4 Rf4 19. Qc3 Bd7 20. a3 b4 21. axb4
Rc8 22. Qd3 Bb5 23. Rxa6 Bxd3 24. Nxd3 Rh4 25. Rxe6 Qd7 26. Rd6 Qf5 27. Rd1 Qxd3
28. g3 Qxd1+ 29. Kg2 Qg4 30. b5 Qe4+ 31. f3 Qe2+ 32. Kh1 Rc1# 0-1

[Event "Xtracon Chess Open 2017"]
[Site "Helsingor DEN"]
[Date "2017.07.29"]
[Round "9.204"]
[White "Cort Maleeva Hansen, Andreas Philip"]
[Black "Cort Maleeva Hansen, Daniel Alexander"]
[Result "1-0"]
[WhiteElo "1308"]
[BlackElo "1166"]
[WhiteFideId "1462636"]
[BlackFideId "1462644"]
[EventDate "2017.07.22"]

1. e4 e5 2. Nf3 Nc6 3. Bc4 Nf6 4. d3 Bc5 5. Bg5 d6 6. h3 Bd7 7. a3 Qe7 8. Nc3
O-O-O 9. Nd5 Qe8 10. Nxf6 gxf6 11. Bxf6 Rg8 12. Bxd8 Qxd8 13. g3 Nd4 14. Nh4 Be6
15. Bxe6+ fxe6 16. Qd2 Rf8 17. O-O-O Nf3 18. Nxf3 Rxf3 19. Rdf1 Qf8 20. Qe2 Rxf2
21. Rxf2 Bxf2 22. Rf1 Qh6+ 23. Kd1 Bd4 24. c3 Bb6 25. Qf3 c5 26. Qf8+ Qxf8 27.
Rxf8+ Kc7 28. Rf7+ Kc6 29. Rxh7 Bd8 30. g4 d5 31. h4 dxe4 32. dxe4 b5 33. g5 Ba5
34. g6 b4 35. axb4 cxb4 36. cxb4 Bxb4 37. g7 a5 38. g8=Q a4 39. Qa8+ Kb5 40. Rc7
Ba5 41. Qc6+ Kb4 42. Rb7+ Bb6 43. Rxb6+ Ka5 44. Qc5# 1-0

[Event "Xtracon Chess Open 2017"]
[Site "Helsingor DEN"]
[Date "2017.07.29"]
[Round "9.205"]
[White "Huse, Lars Paul"]
[Black "Gelders, Eline"]
[Result "0-1"]
[WhiteElo "1163"]
[BlackElo "1298"]
[WhiteFideId "1526537"]
[BlackFideId "249025"]
[EventDate "2017.07.22"]

1. e4 e5 2. Nf3 Nc6 3. d4 exd4 4. Nxd4 Nf6 5. Nc3 Bc5 6. Be3 Bb4 7. Ne2 Nxe4 8.
Qd3 Nxc3 9. Nxc3 Qf6 10. Bd2 Qe5+ 11. Be2 d6 12. O-O-O Bf5 13. Qc4 Be6 14. Qd3
a6 15. Bf3 Qf5 16. Qxf5 Bxf5 17. Rhe1+ Be6 18. Bd5 Kd7 19. Bxc6+ bxc6 20. a3 Bc5
21. Be3 Bxe3+ 22. Rxe3 Rhe8 23. Ne4 Bd5 24. Ng5 Rxe3 25. fxe3 h6 26. Nf3 Re8 27.
Re1 g5 28. Re2 c5 29. Kd2 f5 30. b3 Kc6 31. Ne1 a5 32. c4 Be4 33. a4 Rd8 34. Kc3
d5 35. Rd2 Rd6 36. Nd3 Bxd3 37. Rxd3 dxc4 38. bxc4 Rxd3+ 39. Kxd3 Kd6 40. g3 Ke5
41. h3 h5 42. h4 gxh4 43. gxh4 f4 44. exf4+ Kxf4 45. Kd2 Kg3 46. Ke3 Kxh4 47.
Kf4 c6 48. Kf5 Kg3 0-1

[Event "Xtracon Chess Open 2017"]
[Site "Helsingor DEN"]
[Date "2017.07.29"]
[Round "9.206"]
[White "Schjolin, John"]
[Black "Alisaari, Vellu"]
[Result "1/2-1/2"]
[WhiteElo "1145"]
[BlackElo "1286"]
[WhiteFideId "1439413"]
[BlackFideId "509701"]
[EventDate "2017.07.22"]

1. c4 c5 2. e3 e6 3. g3 Nc6 4. Bg2 Nf6 5. d3 Be7 6. e4 e5 7. Nf3 O-O 8. O-O d6
9. h3 Qb6 10. Qb3 Qxb3 11. axb3 Nb4 12. Ne1 Rd8 13. Bd2 Nc6 14. Bc3 Nd4 15. Bxd4
cxd4 16. b4 b6 17. b3 Bb7 18. Nf3 h6 19. Nbd2 a6 20. b5 a5 21. Ra4 Ra7 22. Nh2
Nd7 23. Rfa1 Nc5 24. Bf1 Nxa4 25. bxa4 Rf8 26. g4 Raa8 27. Nhf3 g5 28. Kg2 f6
29. Be2 Kg7 30. Rh1 Rh8 31. h4 Rh7 32. h5 Rah8 1/2-1/2

[Event "Xtracon Chess Open 2017"]
[Site "Helsingor DEN"]
[Date "2017.07.29"]
[Round "9.207"]
[White "Jensen, Johannes Frank"]
[Black "Hinrichs, Kurt"]
[Result "0-1"]
[WhiteElo "1170"]
[BlackElo "1277"]
[WhiteFideId "1457942"]
[BlackFideId "12994057"]
[EventDate "2017.07.22"]

1. d4 d5 2. Nc3 e6 3. Nf3 c5 4. dxc5 Bxc5 5. a3 h6 6. b4 Bb6 7. e3 Nc6 8. Bb5
Bd7 9. Bxc6 Bxc6 10. b5 Bd7 11. Bb2 Nf6 12. Ne5 Bc8 13. Na4 Ba5+ 14. Nc3 Ne4 15.
Qd3 a6 16. O-O O-O 17. Nxe4 dxe4 18. Qxe4 axb5 19. Qg4 Qg5 20. Qd4 Bc7 21. Nf3
Qg6 22. Nh4 Qf6 23. Qb4 Qd8 24. Qc3 Qf6 25. Qxf6 gxf6 26. Bxf6 Bd6 27. Bb2 Be7
28. g3 Kh7 29. Kg2 Rg8 30. Kf3 Bd7 31. Rfd1 Bc6+ 32. e4 Ra4 33. Re1 Rd8 34. Re3
Bc5 35. Rd3 Bxe4+ 36. Kf4 Bxd3+ 37. Ke5 Bxc2 38. Kf6 Bd4+ 39. Kxf7 Bxb2 40. Ke7
Bxa1 41. Kxd8 Bf6+ 42. Ke8 Bxh4 43. gxh4 Rxa3 44. h3 b4 45. h5 b3 46. h4 b2 47.
f4 b1=Q 48. f5 Qb5+ 49. Kf8 Ra8+ 50. Kf7 Qxf5+ 51. Ke7 b5 52. Kd7 e5+ 53. Kc7
Qf6 54. Kb7 Rg8 55. Ka7 Rg7+ 56. Ka8 Qf8# 0-1

[Event "Xtracon Chess Open 2017"]
[Site "Helsingor DEN"]
[Date "2017.07.29"]
[Round "9.208"]
[White "Joa, Vegard"]
[Black "Hestholm, Freddy"]
[Result "0-1"]
[WhiteElo "1105"]
[BlackElo "1249"]
[WhiteFideId "1523490"]
[BlackFideId "1529951"]
[EventDate "2017.07.22"]

1. e4 d5 2. d3 dxe4 3. dxe4 Qxd1+ 4. Kxd1 e5 5. Bc4 Nf6 6. Nc3 Bc5 7. f3 O-O 8.
Bg5 Nbd7 9. Nge2 c6 10. Na4 Be7 11. Nac3 b5 12. Bd3 Nc5 13. Ke1 Rd8 14. Rd1 b4
15. Nb1 Nxd3+ 16. cxd3 Ba6 17. Nc1 c5 18. b3 Rd6 19. a3 Rad8 20. Ke2 Bb7 21. Be3
R6d7 22. axb4 cxb4 23. Bxa7 Ra8 24. d4 Rxa7 25. dxe5 Ba6+ 26. Ke3 Bc5+ 27. Kf4
Nh5+ 28. Kg4 g6 29. Rd5 Bc8 30. Kg5 Be7+ 31. Kh6 Rxd5 32. exd5 Ng7 33. g4 g5 34.
d6 Ra6 35. Rd1 Bd8 36. Nd3 Be6 37. Nxb4 Rb6 38. Rd4 f6 39. Nd3 f5 40. h3 Bxb3
41. Nc3 Be6 42. f4 fxg4 43. hxg4 Bxg4 44. fxg5 Nf5# 0-1

[Event "Xtracon Chess Open 2017"]
[Site "Helsingor DEN"]
[Date "2017.07.30"]
[Round "10.1"]
[White "Jobava, Baadur"]
[Black "Saric, Ivan"]
[Result "1/2-1/2"]
[WhiteTitle "GM"]
[BlackTitle "GM"]
[WhiteElo "2714"]
[BlackElo "2621"]
[WhiteFideId "13601520"]
[BlackFideId "14508150"]
[EventDate "2017.07.22"]

1. d4 d5 2. c4 c6 3. cxd5 cxd5 4. Nc3 Nf6 5. Nf3 Nc6 6. Bf4 Bf5 7. e3 e6 8. Bd3
Bxd3 9. Qxd3 Bd6 10. Bxd6 Qxd6 11. O-O O-O 12. Rfc1 Rac8 13. Ne2 Ne4 14. Qd1 h6 1/2-1/2

[Event "Xtracon Chess Open 2017"]
[Site "Helsingor DEN"]
[Date "2017.07.30"]
[Round "10.2"]
[White "Bosiocic, Marin"]
[Black "Sunilduth Lyna, Narayanan"]
[Result "1/2-1/2"]
[WhiteTitle "GM"]
[BlackTitle "GM"]
[WhiteElo "2616"]
[BlackElo "2564"]
[WhiteFideId "14507927"]
[BlackFideId "5058422"]
[EventDate "2017.07.22"]

1. d4 Nf6 2. c4 e6 3. Nf3 d5 4. g3 Bb4+ 5. Bd2 Bd6 6. Nc3 O-O 7. Bg5 c6 8. Bg2
h6 9. Bxf6 Qxf6 10. O-O Bc7 11. e3 Nd7 12. Qe2 dxc4 13. Nd2 Rd8 14. Nxc4 Nb6 15.
f4 Qe7 16. Ne4 Nd5 17. Rac1 Rb8 18. a3 Bd7 19. Ne5 Be8 20. Nc5 f6 21. Ned3 Bf7
22. e4 Nb6 23. Qf2 Nd7 24. e5 Nxc5 25. Nxc5 Bb6 26. Kh1 fxe5 27. fxe5 Bg6 28.
Rfd1 Rf8 29. Qe3 Rbd8 30. b4 Bh5 31. Rf1 Rxf1+ 32. Bxf1 Bxc5 33. dxc5 Qd7 34.
Re1 Qd2 35. Qxd2 Rxd2 36. Re3 Bg6 37. Kg1 Kf7 38. Be2 Ke7 39. g4 Rd4 40. Kf2 Be4
41. Rg3 Bd5 42. g5 Rf4+ 43. Ke3 Re4+ 44. Kd2 hxg5 45. Rxg5 Kf8 46. h3 Rd4+ 47.
Ke3 Re4+ 48. Kd3 Kg8 49. Bd1 a6 50. Be2 Kf8 51. Bh5 a5 52. Bg6 Rf4 53. Rg4 Rf3+
54. Kd2 Rxh3 55. Rf4+ Ke7 56. a4 Rg3 57. Bd3 g5 58. Rd4 Rg2+ 59. Kc3 Kd7 60.
bxa5 Kc7 61. a6 bxa6 62. Bxa6 g4 63. Bc4 Rg1 64. Kb2 g3 65. Bxd5 cxd5 66. a5 Kc6
67. a6 Rf1 68. Rg4 Rf7 69. Rxg3 Kxc5 70. Rg6 1/2-1/2

[Event "Xtracon Chess Open 2017"]
[Site "Helsingor DEN"]
[Date "2017.07.30"]
[Round "10.3"]
[White "Short, Nigel D"]
[Black "Agdestein, Simen"]
[Result "1-0"]
[WhiteTitle "GM"]
[BlackTitle "GM"]
[WhiteElo "2688"]
[BlackElo "2604"]
[WhiteFideId "400025"]
[BlackFideId "1500015"]
[EventDate "2017.07.22"]

1. d4 Nf6 2. c4 e6 3. g3 Bb4+ 4. Bd2 Be7 5. Bg2 O-O 6. Nf3 b6 7. Nc3 Bb7 8. O-O
c6 9. Rc1 d5 10. Bf4 dxc4 11. Ne5 Nd5 12. Nxc4 Nxf4 13. gxf4 Nd7 14. e3 Qc7 15.
Qe2 Rad8 16. Rfd1 c5 17. d5 exd5 18. Bxd5 Nf6 19. Bf3 a6 20. a4 g6 21. Kg2 Kg7
22. Bxb7 Qxb7+ 23. Qf3 Qc7 24. e4 b5 25. axb5 axb5 26. Nxb5 Qb8 27. Nc3 Rd4 28.
Rxd4 cxd4 29. Ne2 Rd8 30. e5 Nh5 31. f5 Bb4 32. Rd1 Qc8 33. f6+ Kg8 34. b3 Bc5
35. Ng3 Nxg3 36. hxg3 Qd7 37. Nd6 Qa7 38. Qf4 Qa8+ 39. f3 Rd7 40. Qh6 Qf8 41.
Qxf8+ Kxf8 42. Rc1 Bb6 43. Rc8+ Rd8 44. Rxd8+ Bxd8 45. f4 Ba5 46. Kf2 d3 47. Ke3
d2 48. Ke2 Bb4 49. Ne4 Ke8 50. Nxd2 Kd7 51. Ne4 h6 52. Kd3 1-0

[Event "Xtracon Chess Open 2017"]
[Site "Helsingor DEN"]
[Date "2017.07.30"]
[Round "10.4"]
[White "Grigoriants, Sergey"]
[Black "Vitiugov, Nikita"]
[Result "0-1"]
[WhiteTitle "GM"]
[BlackTitle "GM"]
[WhiteElo "2566"]
[BlackElo "2724"]
[WhiteFideId "4130804"]
[BlackFideId "4152956"]
[EventDate "2017.07.22"]

1. Nf3 d5 2. d4 Nf6 3. c4 c6 4. Nc3 dxc4 5. a4 a5 6. e3 Bg4 7. Bxc4 e6 8. h3 Bh5
9. g4 Bg6 10. h4 h6 11. Ne5 Bh7 12. g5 Nfd7 13. Nf3 Nb6 14. Bb3 Nd5 15. Rg1 Nd7
16. h5 hxg5 17. Nxg5 N7f6 18. Qf3 Qb6 19. Bxd5 cxd5 20. h6 Bd3 21. hxg7 Bxg7 22.
Qf4 Rc8 23. Nf3 Nh5 24. Qh2 Rh7 25. Ne5 Bf5 26. Nb5 Bf8 27. Bd2 Nf6 28. Qf4 Ne4
29. Rg8 f6 30. Nf3 Rh1+ 31. Rg1 Rxg1+ 32. Nxg1 Nxd2 33. Kxd2 Rc2+ 34. Kd1 Qc6
35. b3 Bb4 0-1

[Event "Xtracon Chess Open 2017"]
[Site "Helsingor DEN"]
[Date "2017.07.30"]
[Round "10.5"]
[White "Rasmussen, Allan Stig"]
[Black "Sasikiran, Krishnan"]
[Result "0-1"]
[WhiteTitle "GM"]
[BlackTitle "GM"]
[WhiteElo "2540"]
[BlackElo "2688"]
[WhiteFideId "1406000"]
[BlackFideId "5004985"]
[EventDate "2017.07.22"]

1. c4 e5 2. Nc3 Nc6 3. e3 f5 4. d4 Bb4 5. Ne2 d6 6. a3 Bxc3+ 7. Nxc3 Nf6 8. dxe5
Nxe5 9. b3 b6 10. Bb2 Bb7 11. Nb5 Qe7 12. Nd4 g6 13. Nf3 O-O-O 14. Be2 f4 15.
Qd4 fxe3 16. Nxe5 exf2+ 17. Qxf2 dxe5 18. O-O Ne4 19. Qe3 Rd2 20. Bc1 Rc2 21.
Bd1 Rc3 22. Qe1 Qc5+ 23. Kh1 Rf8 24. Rxf8+ Qxf8 25. Kg1 Qc5+ 26. Kf1 Qd4 27. Ra2
Kb8 28. Bc2 a5 29. a4 h5 30. Qe2 h4 31. Bb2 h3 32. gxh3 Nd2+ 0-1

[Event "Xtracon Chess Open 2017"]
[Site "Helsingor DEN"]
[Date "2017.07.30"]
[Round "10.6"]
[White "Urkedal, Frode"]
[Black "Motylev, Alexander"]
[Result "1/2-1/2"]
[WhiteTitle "GM"]
[BlackTitle "GM"]
[WhiteElo "2543"]
[BlackElo "2680"]
[WhiteFideId "1506102"]
[BlackFideId "4121830"]
[EventDate "2017.07.22"]

1. d4 d5 2. c4 c6 3. Nf3 Nf6 4. e3 Bf5 5. Nc3 e6 6. Nh4 Be4 7. f3 Bg6 8. Be2 a6
9. O-O dxc4 10. Bxc4 c5 11. dxc5 Qxd1 12. Rxd1 Bxc5 13. Nxg6 hxg6 14. a3 Nbd7
15. Be2 Ba7 16. Rb1 Nb6 17. g3 Nbd5 18. Rd3 Nxc3 19. Rxc3 Nd5 20. Rb3 b5 21. Bd2
Rc8 22. Rc1 Rxc1+ 23. Bxc1 Ke7 24. Bd2 Rd8 25. Kf1 Bc5 26. e4 Nb6 27. Ba5 Rd4
28. Bc3 Rd7 29. Bxg7 Na4 30. e5 Rd2 31. h4 Nxb2 32. g4 Rc2 33. Bf6+ Kf8 34. h5
Rc1+ 35. Kg2 Rc2 36. Kf1 Rc1+ 37. Kg2 Rc2 1/2-1/2

[Event "Xtracon Chess Open 2017"]
[Site "Helsingor DEN"]
[Date "2017.07.30"]
[Round "10.7"]
[White "Delorme, Axel"]
[Black "Hammer, Jon Ludvig"]
[Result "1/2-1/2"]
[WhiteTitle "IM"]
[BlackTitle "GM"]
[WhiteElo "2518"]
[BlackElo "2628"]
[WhiteFideId "632023"]
[BlackFideId "1503707"]
[EventDate "2017.07.22"]

1. d4 d5 2. c4 e6 3. Nf3 c6 4. Qc2 Nf6 5. g3 dxc4 6. Qxc4 b5 7. Qc2 Bb7 8. Bg2
Nbd7 9. Ne5 Nxe5 10. dxe5 Nd5 11. Nc3 Be7 12. O-O O-O 13. Rd1 Qb8 14. f4 a5 15.
Nxd5 cxd5 16. Be3 Rc8 17. Qd2 Rc4 18. Rac1 Bb4 19. Qd3 Qc7 20. b3 Rc3 21. Rxc3
Bxc3 22. Qxb5 Ba6 23. Qb6 Qxb6 24. Bxb6 Bxe2 25. Rc1 Rc8 26. Be3 Ba6 27. Bf1 Bb7
28. Bd3 f6 29. exf6 gxf6 30. Kf1 d4 31. Bc4 Rxc4 32. bxc4 Ba6 33. Kg1 a4 34.
Rxc3 dxc3 35. c5 e5 36. fxe5 fxe5 37. Kf2 Kf7 38. g4 Ke6 39. h4 Bc4 40. a3 Bb5
41. h5 Be8 42. Ke2 Bb5+ 43. Kf2 Be8 44. Ke2 Bb5+ 45. Kf2 1/2-1/2